=LDR 00000nam 2200000 4500 =001 INLIS000000000039441 =005 20130612145053 =008 ***********************************ind** =035 ##$$0010-061300000039441 =041 ##$$a ind =082 ##$$a 336.2 =090 ##$$a 336.2, Jud p =100 ##$$a JUDISSENO, Rimsku K =245 ##$$a Perpajakan, Rimsky K. Judisseno;Editor, Dwi helly purnomo =260 ##$$a 2004 $b Jakarta =300 ##$$a Xv,197 Hlm, 24 cm =650 ##$$a PAJAK DAN PERPAJAKAN =700 ##$$a PURNOMO, Divi Helly =850 ##$$a NBPNMAT =990 ##$$a 0001/BPAP-NTB/2016